| 000 | 01479nam0a2200337 4500 | ||
|---|---|---|---|
| 001 | RU\NLR\BIBL_A\022656194 | ||
| 005 | 20260305111556.0 | ||
| 010 |
_a978-5-00248-270-2 _9100 |
||
| 021 |
_aRU _bКН-П-25-051776 _9КН-П-25-5007 |
||
| 035 | _a(NLR Aleph) 022656194 | ||
| 090 |
_a13555664 _c13555664 |
||
| 100 | _a20251029d2025 u y0rusy50 ca | ||
| 101 | 0 | _arus | |
| 102 | _aRU | ||
| 105 | _aa|||z|||000gy | ||
| 181 | 0 |
_ai3 _baxxe |
|
| 182 | 0 | _an | |
| 200 | 1 |
_aДушевный разговор _eсборник стихотворений _fНаталья Алексеенко _gиллюстрации: Прасолова Анна Петровна, Писанюк Даниэла Богдановна |
|
| 203 |
_aТекст _bвизуальный _cнепосредственный |
||
| 210 |
_aМосква _cТипография имени Пушкина _d2025 |
||
| 215 |
_a113, [1] с. _cил., цв. ил. _d22 |
||
| 327 | 1 | _aСодерж.: разделы: О жизни; О природе; О моей семье; О коллегах | |
| 686 | 2 | _aШ6(2=Р)8-5 | |
| 700 | 1 |
_aАлексеенко _bН. Н. _gНаталья Н. |
|
| 702 | 1 |
_aПрасолова _bА. П. _gАнна Петровна _4440 |
|
| 702 | 1 |
_aПисанюк _bД. Б. _gДаниэла Богдановна _4440 |
|
| 942 | _cBOOK | ||
| 980 | _aNB | ||